[Event "Foment Martinenc op-A 23rd"]
[Site "Barcelona"]
[Date "2023.06.03"]
[Round "7"]
[White "Morros Faura, Ricard"]
[Black "Riu Lopez, Sergio"]
[Result "1-0"]
[WhiteElo "2193"]
[BlackElo "1950"]
[PlyCount "51"]
[EventDate "2023.04.22"]
[EventType "swiss"]
[EventRounds "9"]
[EventCountry "ESP"]
[SourceTitle "EXT 2024"]
[Source "ChessBase"]
[SourceDate "2023.10.10"]
[SourceVersion "1"]
[SourceVersionDate "2023.10.10"]
[SourceQuality "1"]

1. e4 c5 2. Nc3 Nc6 3. Bb5 g6 4. Bxc6 bxc6 5. d3 Bg7 6. f4 e6 7. Nf3 d5 8. 0-0 Ne7 9. Qe1 Ba6 10. Kh1 Rb8 11. f5 dxe4 12. f6 Bxf6 13. Nxe4 Bg7 14. Bf4 0-0 15. Bxb8 Qxb8 16. Nxc5 Qxb2 17. Nxa6 Qb6 18. Qb4 Bxa1 19. Rxa1 Nd5 20. Qxb6 axb6 21. c4 Nf4 22. Rb1 b5 23. cxb5 cxb5 24. Rxb5 Nxd3 25. a4 Kg7 26. Rb8 1-0

[Event "Palma de Mallorca op"]
[Site "Palma de Mallorca"]
[Date "2021.11.27"]
[Round "6"]
[White "Gretarsson, Helgi Ass"]
[Black "Morros Faura, Ricard"]
[Result "1-0"]
[WhiteElo "2476"]
[BlackElo "2231"]
[PlyCount "55"]
[EventDate "2021.11.22"]
[EventType "swiss"]
[EventRounds "7"]
[EventCountry "ESP"]
[SourceTitle "CBM 205 Extra"]
[Source "ChessBase"]
[SourceDate "2022.01.31"]
[SourceVersion "1"]
[SourceVersionDate "2022.01.31"]
[SourceQuality "1"]

1. d4 Nf6 2. c4 e6 3. Nf3 b6 4. a3 Ba6 5. Qc2 c5 6. d5 exd5 7. cxd5 g6 8. Nc3 Bg7 9. h4 h5 10. Bg5 d6 11. Nd2 Qc7 12. Nde4 Nxe4 13. Qxe4+ Kf8 14. Rh3 Bc8 15. Re3 Be5 16. f4 Bd4 17. Nb5 Qd7 18. Nxd4 cxd4 19. Qxd4 Rh7 20. Re7 Qxe7 21. Bxe7+ Kxe7 22. Rc1 Bg4 23. Qe4+ Kf8 24. Qb4 Ke7 25. Rc7+ Nd7 26. e4 f6 27. e5 fxe5 28. fxe5 1-0

[Event "Palma de Mallorca op"]
[Site "Palma de Mallorca"]
[Date "2021.11.25"]
[Round "4"]
[White "Juan Mas, Santiago"]
[Black "Morros Faura, Ricard"]
[Result "0-1"]
[WhiteElo "1908"]
[BlackElo "2231"]
[PlyCount "100"]
[EventDate "2021.11.22"]
[EventType "swiss"]
[EventRounds "7"]
[EventCountry "ESP"]
[SourceTitle "CBM 205 Extra"]
[Source "ChessBase"]
[SourceDate "2022.01.31"]
[SourceVersion "1"]
[SourceVersionDate "2022.01.31"]
[SourceQuality "1"]

1. e4 c5 2. c3 Nf6 3. e5 Nd5 4. d4 cxd4 5. Nf3 e6 6. cxd4 b6 7. Bd2 Bb7 8. Nc3 Nxc3 9. Bxc3 Be7 10. Bd3 Na6 11. a3 Nc7 12. 0-0 Nd5 13. Bd2 0-0 14. Qe2 f5 15. exf6 gxf6 16. Bh6 Rf7 17. Nd2 f5 18. Nc4 Rf6 19. Bd2 Rg6 20. g3 d6 21. Rfe1 Qf8 22. a4 Qf6 23. a5 Qxd4 24. axb6 axb6 25. Rxa8+ Bxa8 26. Ra1 Bc6 27. Ra6 Bf8 28. Na5 bxa5 29. Rxc6 Qxb2 30. Bc4 Qa1+ 31. Kg2 Qd4 32. Rc8 Qe4+ 33. Qxe4 fxe4 34. Bxa5 Nf4+ 35. Kf1 Nd3 36. Bxd3 exd3 37. Ke1 e5 38. Kd2 e4 39. Re8 d5 40. Rd8 Ra6 41. Bb4 Rf6 42. Bxf8 Rxf2+ 43. Ke3 Rf3+ 44. Kd2 Rxf8 45. Rxd5 Rf2+ 46. Ke3 Re2+ 47. Kf4 d2 48. Kf5 e3 49. Kf6 Rf2+ 50. Ke7 e2 0-1

[Event "Palma de Mallorca op"]
[Site "Palma de Mallorca"]
[Date "2021.11.24"]
[Round "3"]
[White "Morros Faura, Ricard"]
[Black "Aroshidze, Levan"]
[Result "0-1"]
[WhiteElo "2231"]
[BlackElo "2532"]
[PlyCount "78"]
[EventDate "2021.11.22"]
[EventType "swiss"]
[EventRounds "7"]
[EventCountry "ESP"]
[SourceTitle "CBM 205 Extra"]
[Source "ChessBase"]
[SourceDate "2022.01.31"]
[SourceVersion "1"]
[SourceVersionDate "2022.01.31"]
[SourceQuality "1"]

1. e4 c5 2. Nf3 e6 3. d4 cxd4 4. Nxd4 a6 5. Nc3 Qc7 6. g3 Nf6 7. Bg2 d6 8. 0-0 Be7 9. Re1 0-0 10. Qd2 Nc6 11. Nxc6 bxc6 12. b3 Bb7 13. Bb2 d5 14. e5 Nd7 15. Na4 c5 16. c4 d4 17. Bxb7 Qxb7 18. Ba3 Qc6 19. Qe2 Nb6 20. Nxb6 Qxb6 21. Rad1 Rfd8 22. Bc1 a5 23. Qg4 a4 24. Bh6 Bf8 25. Rd3 axb3 26. axb3 Ra3 27. Rb1 Rb8 28. Bd2 Qa6 29. Qf3 Ra1 30. Rxa1 Qxa1+ 31. Kg2 Ra8 32. h4 Ra2 33. Bf4 Qe1 34. g4 Ra1 35. Kh2 h6 36. Bg3 g6 37. h5 g5 38. Kh3 Bg7 39. Qc6 Qf1+ 0-1

[Event "Catalunya-chT Gp1"]
[Site "Barcelona"]
[Date "2020.01.25"]
[Round "2.7"]
[White "Morros Faura, Ricard"]
[Black "Borges Ayats, Joaquim"]
[Result "1/2-1/2"]
[WhiteElo "2242"]
[BlackElo "2015"]
[PlyCount "102"]
[EventDate "2020.01.18"]
[EventType "team-tourn"]
[EventRounds "7"]
[EventCountry "ESP"]
[SourceTitle "CBM 194 Extra"]
[Source "ChessBase"]
[SourceDate "2020.03.31"]
[SourceVersion "1"]
[SourceVersionDate "2020.03.31"]
[SourceQuality "1"]
[WhiteTeam "Mollet"]
[BlackTeam "Cerdanyola Valles"]
[WhiteTeamCountry "ESP"]
[BlackTeamCountry "ESP"]

1. e4 d5 2. exd5 Qxd5 3. Nf3 Nc6 4. d4 e5 5. Nc3 Bb4 6. Bd2 Bxc3 7. Bxc3 e4 8. Ne5 Nxe5 9. dxe5 Ne7 10. Qxd5 Nxd5 11. Bd2 0-0 12. Bc4 Be6 13. 0-0-0 Rad8 14. Rde1 Bf5 15. f3 exf3 16. gxf3 Nb6 17. Bf1 Rfe8 18. Rg1 Rd5 19. Rg5 g6 20. f4 Red8 21. Be3 Ra5 22. a3 Rad5 23. Bg2 R5d7 24. Bxb7 c5 25. Bc6 Rc7 26. Bb5 Kf8 27. b3 Ke7 28. Rg2 a6 29. Bxa6 Ra8 30. Bb5 Nd5 31. Kb2 Nxe3 32. Rxe3 Rd8 33. Rc3 Be6 34. Bc4 Rd4 35. Bxe6 Kxe6 36. Rf2 Kf5 37. Rc4 Rxc4 38. bxc4 Rb7+ 39. Kc3 Ke4 40. Rf1 Ra7 41. Kb3 Rb7+ 42. Ka2 Kd4 43. Re1 Kxc4 44. e6 fxe6 45. Rxe6 Kc3 46. Rc6 c4 47. a4 Rb2+ 48. Ka3 Rb1 49. Ka2 Rb2+ 50. Ka3 Rb1 51. Ka2 Rb2+ 1/2-1/2

[Event "Catalunya-chT Gp1"]
[Site "Barcelona"]
[Date "2020.01.18"]
[Round "1.6"]
[White "Morros Faura, Ricard"]
[Black "Sorroche Martin, Jose Maria"]
[Result "1/2-1/2"]
[WhiteElo "2242"]
[BlackElo "2169"]
[PlyCount "78"]
[EventDate "2020.01.18"]
[EventType "team-tourn"]
[EventRounds "7"]
[EventCountry "ESP"]
[SourceTitle "CBM 194 Extra"]
[Source "ChessBase"]
[SourceDate "2020.03.31"]
[SourceVersion "1"]
[SourceVersionDate "2020.03.31"]
[SourceQuality "1"]
[WhiteTeam "Mollet"]
[BlackTeam "Sant Cugat"]
[WhiteTeamCountry "ESP"]
[BlackTeamCountry "ESP"]

1. e4 e6 2. d4 d5 3. Nc3 h6 4. e5 c5 5. f4 cxd4 6. Nb5 Nc6 7. Nf3 Bc5 8. Nbxd4 Qb6 9. c3 Nge7 10. Bd3 Bd7 11. Nb3 Bf2+ 12. Kf1 a5 13. Qe2 a4 14. Qxf2 Qxf2+ 15. Kxf2 axb3 16. a3 Na5 17. Be3 Nc4 18. Rab1 Rc8 19. Nd4 Ba4 20. Rhe1 g5 21. g3 gxf4 22. gxf4 Kd7 23. Re2 Rhg8 24. Rg1 Ng6 25. Bc1 Ne7 26. Rg3 Rxg3 27. hxg3 Nxa3 28. f5 Nc4 29. g4 Rg8 30. Kf3 Nc6 31. Nxc6 Bxc6 32. Kf4 Ra8 33. Kg3 exf5 34. Bxc4 dxc4 35. gxf5 Rg8+ 36. Kh4 h5 37. Bg5 Kc7 38. e6 fxe6 39. Rxe6 Bf3 1/2-1/2

[Event "Barcelona Sant Andreu FM"]
[Site "Barcelona"]
[Date "2019.11.09"]
[Round "7"]
[White "Morros Faura, Ricard"]
[Black "Pinero Fernandez, Xavier"]
[Result "1-0"]
[WhiteElo "2243"]
[BlackElo "2266"]
[PlyCount "43"]
[EventDate "2019.09.14"]
[EventType "tourn"]
[EventRounds "9"]
[EventCountry "ESP"]
[SourceTitle "CBM 195 Extra"]
[Source "ChessBase"]
[SourceDate "2020.05.31"]
[SourceVersion "1"]
[SourceVersionDate "2020.05.31"]
[SourceQuality "1"]

1. e4 e5 2. Nf3 Nc6 3. d4 exd4 4. Nxd4 Bc5 5. Nxc6 bxc6 6. Bd3 Qh4 7. Qf3 Nf6 8. Be3 Bb6 9. Nd2 0-0 10. h3 d5 11. g3 Qh5 12. g4 Qe5 13. Bf4 Qxb2 14. 0-0 dxe4 15. Nxe4 Nxe4 16. Qxe4 f5 17. Qxc6 Bb7 18. Qe6+ Kh8 19. Be5 Bd4 20. Rab1 Bxe5 21. Rxb2 Bxb2 22. Qb3 1-0

[Event "Catalunya-chT GpA final"]
[Site "Barcelona"]
[Date "2019.03.23"]
[Round "2.5"]
[White "Montell Lorenzo, Joan Carlos"]
[Black "Morros Faura, Ricard"]
[Result "0-1"]
[WhiteElo "2267"]
[BlackElo "2189"]
[PlyCount "74"]
[EventDate "2019.03.16"]
[EventType "team-tourn"]
[EventRounds "3"]
[EventCountry "ESP"]
[SourceTitle "CBM 189 Extra"]
[Source "ChessBase"]
[SourceDate "2019.06.03"]
[SourceVersion "1"]
[SourceVersionDate "2019.06.03"]
[SourceQuality "1"]
[WhiteTeam "Salou Escola Escacs"]
[BlackTeam "Mollet"]
[WhiteTeamCountry "ESP"]
[BlackTeamCountry "ESP"]

1. e4 c5 2. Nf3 d6 3. d4 cxd4 4. Nxd4 Nf6 5. Nc3 g6 6. f3 Bg7 7. Be3 0-0 8. Qd2 Nc6 9. 0-0-0 d5 10. Nxc6 bxc6 11. exd5 Nxd5 12. Nxd5 cxd5 13. Qxd5 Qc7 14. Qc5 Qb8 15. Qa3 Be6 16. Ba6 Qe5 17. Bd4 Qg5+ 18. Kb1 Bxd4 19. Rxd4 Qxg2 20. Rhd1 Qxh2 21. Qxe7 Qe5 22. b3 Rfe8 23. Qh4 Kg7 24. Rh1 h5 25. Re4 Qf6 26. Qg3 Bd5 27. Rf4 Qxa6 28. Rxh5 Qe6 29. Kb2 Rh8 30. Rg5 Rad8 31. c4 Bc6 32. a4 Rd2+ 33. Ka3 Rh3 34. Qg4 Qe7+ 35. c5 Rhh2 36. Rgf5 Ra2+ 37. Kb4 Qe1+ 0-1

[Event "Catalunya-chT GpA final"]
[Site "Barcelona"]
[Date "2019.03.16"]
[Round "1.5"]
[White "Morros Faura, Ricard"]
[Black "Castrillon Gomez, Melissa"]
[Result "1-0"]
[WhiteElo "2189"]
[BlackElo "2231"]
[PlyCount "51"]
[EventDate "2019.03.16"]
[EventType "team-tourn"]
[EventRounds "3"]
[EventCountry "ESP"]
[SourceTitle "CBM 189 Extra"]
[Source "ChessBase"]
[SourceDate "2019.06.03"]
[SourceVersion "1"]
[SourceVersionDate "2019.06.03"]
[SourceQuality "1"]
[WhiteTeam "Mollet"]
[BlackTeam "Sant Josep de Badalona"]
[WhiteTeamCountry "ESP"]
[BlackTeamCountry "ESP"]

1. e4 g6 2. d4 Bg7 3. Nf3 d6 4. Bc4 Nf6 5. Qe2 0-0 6. 0-0 Bg4 7. e5 Nfd7 8. e6 Nb6 9. exf7+ Kh8 10. Be6 Bxe6 11. Qxe6 Qd7 12. Ng5 Nc6 13. c3 Nd8 14. Qe4 Nxf7 15. Ne6 Rfb8 16. Re1 Bf6 17. Nd2 c6 18. Nf3 Nd5 19. Bg5 Re8 20. Qh4 Nxg5 21. Nfxg5 Bxg5 22. Qxg5 Nc7 23. Nxc7 Qxc7 24. Re6 c5 25. Rae1 Qd8 26. Qh4 1-0

[Event "Catalunya-chT Gp1"]
[Site "Barcelona"]
[Date "2019.01.19"]
[Round "1.6"]
[White "Morros Faura, Ricard"]
[Black "Plasencia Martinez, Victor"]
[Result "1-0"]
[WhiteElo "2189"]
[BlackElo "2177"]
[PlyCount "57"]
[EventDate "2019.01.19"]
[EventType "team-tourn"]
[EventRounds "7"]
[EventCountry "ESP"]
[SourceTitle "CBM 188 Extra"]
[Source "ChessBase"]
[SourceDate "2019.02.26"]
[SourceVersion "1"]
[SourceVersionDate "2019.02.26"]
[SourceQuality "1"]
[WhiteTeam "Mollet"]
[BlackTeam "Salou Escola Escacs"]
[WhiteTeamCountry "ESP"]
[BlackTeamCountry "ESP"]

1. e4 e5 2. Nf3 Nc6 3. d4 exd4 4. Nxd4 Nf6 5. Nxc6 bxc6 6. Bd3 d5 7. e5 Ng4 8. 0-0 Bc5 9. Bf4 0-0 10. h3 Nxf2 11. Rxf2 Bxf2+ 12. Kxf2 Qh4+ 13. Bg3 Qd4+ 14. Kf1 Qxb2 15. Nd2 f5 16. Rb1 Qxa2 17. Nb3 Ba6 18. Bxa6 Qxa6+ 19. Kg1 Qc4 20. Bf2 a5 21. Bd4 Rfb8 22. Ra1 a4 23. Nc5 Ra5 24. c3 Rxc5 25. Qh5 g6 26. Qh6 Re8 27. e6 Re7 28. Re1 Rb5 29. Qg5 1-0

[Event "Andorra op 36th"]
[Site "Escaldes"]
[Date "2018.07.27"]
[Round "7"]
[White "Smith, Axel"]
[Black "Morros Faura, Ricard"]
[Result "1-0"]
[WhiteElo "2491"]
[BlackElo "2227"]
[PlyCount "133"]
[EventDate "2018.07.21"]
[EventType "swiss"]
[EventRounds "9"]
[EventCountry "AND"]
[SourceTitle "CBM 185 Extra"]
[Source "ChessBase"]
[SourceDate "2018.07.29"]
[SourceVersion "1"]
[SourceVersionDate "2018.07.29"]
[SourceQuality "1"]

1. c4 c6 2. e4 e5 3. Nf3 Qa5 4. Nc3 Bb4 5. Be2 Nf6 6. Qc2 0-0 7. 0-0 Re8 8. a3 Bxc3 9. dxc3 d6 10. Bg5 Nbd7 11. Nh4 h6 12. Be3 Qc7 13. Rad1 Nf8 14. Nf5 Bxf5 15. exf5 d5 16. f3 N8h7 17. Rd2 e4 18. Rd4 exf3 19. Rxf3 Ng5 20. Bxg5 hxg5 21. cxd5 cxd5 22. Rf1 Re3 23. Bf3 Qe5 24. Qd1 Re8 25. Bxd5 Re2 26. Bxb7 Qe3+ 27. Kh1 Rxb2 28. Rd3 Qe5 29. Bf3 g4 30. Bc6 Rc8 31. Rd8+ Rxd8 32. Qxd8+ Kh7 33. Qd4 Qe2 34. Rg1 Rd2 35. Qxa7 g3 36. Qxf7 gxh2 37. Qg6+ Kh8 38. Kxh2 Qc4 39. Qg5 Nh7 40. Qe3 Re2 41. Bd5 Rxe3 42. Bxc4 Rxc3 43. Rb1 Nf6 44. Bb3 Ng4+ 45. Kg1 Kh7 46. a4 Rc5 47. Be6 Kh6 48. Bd7 Kg5 49. Bb5 Ne3 50. Kf2 Nxf5 51. Kf3 Rc2 52. Bd3 Nh4+ 53. Ke4 Rxg2 54. Ra1 Rg4+ 55. Kd5 Ng2 56. Kc5 Nf4 57. Bc4 Rh4 58. a5 Rh8 59. a6 Rc8+ 60. Kb5 Rb8+ 61. Ka5 Kf6 62. a7 Rc8 63. Kb6 g5 64. a8Q Rxa8 65. Rxa8 g4 66. Rg8 Ng6 67. Bd3 1-0

[Event "Andorra op 36th"]
[Site "Escaldes"]
[Date "2018.07.26"]
[Round "6"]
[White "Morros Faura, Ricard"]
[Black "Elguezabal Selioutin, Dario"]
[Result "1-0"]
[WhiteElo "2227"]
[BlackElo "2056"]
[PlyCount "113"]
[EventDate "2018.07.21"]
[EventType "swiss"]
[EventRounds "9"]
[EventCountry "AND"]
[SourceTitle "CBM 185 Extra"]
[Source "ChessBase"]
[SourceDate "2018.07.29"]
[SourceVersion "1"]
[SourceVersionDate "2018.07.29"]
[SourceQuality "1"]

1. e4 e6 2. d4 d5 3. Nc3 Nf6 4. Bg5 Bb4 5. e5 h6 6. Be3 Ne4 7. Qg4 g6 8. a3 Bxc3+ 9. bxc3 c5 10. Bd3 Qa5 11. Ne2 h5 12. Qf3 cxd4 13. Bxd4 Nc5 14. 0-0 Nbd7 15. Be3 Qc7 16. Rfe1 Rg8 17. Nd4 Qxe5 18. Bf4 Qf6 19. Nb5 Na6 20. Nd6+ Kf8 21. Bxa6 g5 22. Nxc8 gxf4 23. Bxb7 Rb8 24. Ba6 Nc5 25. Nxa7 Nxa6 26. Nc6 Rb2 27. Ne5 Ke7 28. Qd3 Nc5 29. Qd4 Nd7 30. Qa7 Rd8 31. Nc6+ Kf8 32. Nxd8 Qxd8 33. Rab1 Rxc2 34. Rb7 Ke8 35. h3 Rxc3 36. Qd4 Qc8 37. Reb1 Rc1+ 38. Kh2 Rxb1 39. Rxb1 Qc7 40. f3 Ke7 41. Rb4 Qa5 42. Ra4 Qc7 43. Qxf4 Qxf4+ 44. Rxf4 e5 45. Rf5 d4 46. Kg1 Ke6 47. Rxh5 Kd5 48. Kf2 Kc4 49. Ke2 Kc3 50. Kd1 Kd3 51. a4 f6 52. a5 Nc5 53. Rf5 Na4 54. Rxf6 Nc3+ 55. Ke1 Kc2 56. Rc6 Kd3 57. Rxc3+ 1-0

[Event "Catalunya-chT GpA final"]
[Site "Barcelona"]
[Date "2018.04.14"]
[Round "4.6"]
[White "Colls Gelaberto, Emilio"]
[Black "Morros Faura, Ricard"]
[Result "0-1"]
[WhiteElo "2093"]
[BlackElo "2262"]
[PlyCount "140"]
[EventDate "2018.03.10"]
[EventType "team-tourn"]
[EventRounds "4"]
[EventCountry "ESP"]
[SourceTitle "EXT 2019"]
[Source "ChessBase"]
[SourceDate "2018.10.10"]
[SourceVersion "1"]
[SourceVersionDate "2018.10.10"]
[SourceQuality "1"]
[WhiteTeam "Figueres"]
[BlackTeam "Mollet"]
[WhiteTeamCountry "ESP"]
[BlackTeamCountry "ESP"]

1. Nf3 f5 2. g3 Nf6 3. Bg2 g6 4. b3 Bg7 5. Bb2 0-0 6. 0-0 d6 7. d4 a5 8. a4 Nc6 9. Na3 h6 10. Ne1 Nh5 11. Nc4 f4 12. Nf3 Bg4 13. d5 Bxb2 14. Nxb2 Nb4 15. c3 Na6 16. Nd4 Kh7 17. Qc2 Nc5 18. b4 e5 19. dxe6 Nxe6 20. Bxb7 Nxd4 21. cxd4 Ra7 22. Be4 Qf6 23. bxa5 Bh3 24. Bg2 Bxg2 25. Kxg2 Rf7 26. Qd2 Qg5 27. Rad1 Rxa5 28. Qc1 Qe7 29. Qd2 Rg5 30. a5 Qe4+ 31. f3 Qa8 32. Ra1 fxg3 33. Nd3 gxh2+ 34. Kxh2 Ng7 35. Rg1 Rh5+ 36. Kg2 Nf5 37. Nf2 Rg5+ 38. Kh2 Rh5+ 39. Kg2 Qa7 40. Ra4 Re7 41. Ng4 Rg5 42. Kf2 Kg7 43. e4 Nh4 44. Qe3 Rf7 45. Nh2 Rxa5 46. Rxa5 Qxa5 47. Rg3 Qa2+ 48. Qe2 Qxe2+ 49. Kxe2 g5 50. Ng4 Ng6 51. Ne3 Nf4+ 52. Kd2 c5 53. Nf5+ Rxf5 54. exf5 cxd4 55. Rg1 Kf6 56. Ra1 Kxf5 57. Ra4 Ke5 58. Ra8 h5 59. Rg8 Kf6 60. Rf8+ Kg7 61. Rd8 d5 62. Rd6 h4 63. Ke1 d3 64. Ra6 h3 65. Ra7+ Kf6 66. Kf2 Ke5 67. Kg3 Kd4 68. Kg4 Ke3 69. Ra1 d2 70. Kxg5 Nd3 0-1

[Event "Catalunya-chT Gp2"]
[Site "Barcelona"]
[Date "2018.03.03"]
[Round "7.7"]
[White "Morros Faura, Ricard"]
[Black "Barcelo Sola, David"]
[Result "1/2-1/2"]
[WhiteElo "2262"]
[BlackElo "2048"]
[PlyCount "100"]
[EventDate "2018.01.20"]
[EventType "team-tourn"]
[EventRounds "7"]
[EventCountry "ESP"]
[SourceTitle "EXT 2019"]
[Source "ChessBase"]
[SourceDate "2018.10.10"]
[SourceVersion "1"]
[SourceVersionDate "2018.10.10"]
[SourceQuality "1"]
[WhiteTeam "Mollet"]
[BlackTeam "Sant Josep de Badalona"]
[WhiteTeamCountry "ESP"]
[BlackTeamCountry "ESP"]

1. e4 c5 2. Nf3 Nc6 3. d4 cxd4 4. Nxd4 g6 5. g3 Bg7 6. Ne2 d6 7. Bg2 Bg4 8. h3 Qa5+ 9. c3 Bxe2 10. Qxe2 Nf6 11. 0-0 0-0 12. Nd2 Rad8 13. Nb3 Qa4 14. Rd1 Nd7 15. Be3 Nde5 16. Nd4 Qc4 17. Bf1 Qxe2 18. Bxe2 a6 19. Nc2 Nd7 20. f4 Nc5 21. Bf3 e5 22. Rxd6 Rxd6 23. Bxc5 Rd2 24. Bxf8 Bxf8 25. Rc1 exf4 26. gxf4 Bh6 27. Ne3 Bxf4 28. Nd5 Rxd5 29. exd5 Bxc1 30. dxc6 bxc6 31. Bxc6 Bxb2 32. c4 Kf8 33. Kf2 Bd4+ 34. Kf3 f5 35. a4 Ke7 36. a5 Bc3 37. Bb7 Bxa5 38. Bxa6 g5 39. Bc8 Kf6 40. Bb7 h5 41. Bd5 g4+ 42. hxg4 hxg4+ 43. Kg2 Ke5 44. Bb7 Kf4 45. Bc8 Kg5 46. Bd7 f4 47. Bc6 Kf6 48. c5 Ke5 49. Bd7 f3+ 50. Kg3 Be1+ 1/2-1/2

[Event "Andorra op 35th"]
[Site "Escaldes"]
[Date "2017.07.30"]
[Round "9"]
[White "Rohit, Krishna S"]
[Black "Morros Faura, Ricard"]
[Result "1/2-1/2"]
[WhiteElo "2137"]
[BlackElo "2270"]
[PlyCount "60"]
[EventDate "2017.07.22"]
[EventType "swiss"]
[EventRounds "9"]
[EventCountry "AND"]
[SourceTitle "CBM 179 Extra"]
[Source "ChessBase"]
[SourceDate "2017.08.23"]
[SourceVersion "1"]
[SourceVersionDate "2017.08.23"]
[SourceQuality "1"]

1. d4 Nf6 2. Nf3 g6 3. g3 Bg7 4. Bg2 0-0 5. 0-0 d6 6. c4 Nc6 7. b3 a6 8. Bb2 e5 9. dxe5 Ng4 10. Nc3 Ngxe5 11. Nxe5 Nxe5 12. Qc2 Bf5 13. e4 Be6 14. h3 f5 15. f4 Nc6 16. Kh2 g5 17. exf5 Bxf5 18. Ne4 gxf4 19. Rxf4 Ne5 20. Raf1 Qd7 21. Nf6+ Rxf6 22. Rxf5 Rxf5 23. Rxf5 c6 24. c5 Re8 25. Rh5 h6 26. Bc1 Re6 27. cxd6 Rxd6 28. Bf4 Re6 29. Be4 Qd4 30. Bg2 Qd3 1/2-1/2

[Event "Sant Boi Chalmeta Memorial"]
[Site "Sant Boi de Llobregat"]
[Date "2017.05.12"]
[Round "4"]
[White "Morros Faura, Ricard"]
[Black "Cruz Estrada, Filemon"]
[Result "1/2-1/2"]
[WhiteElo "2256"]
[BlackElo "2346"]
[PlyCount "28"]
[EventDate "2017.04.21"]
[EventType "tourn"]
[EventRounds "9"]
[EventCountry "ESP"]
[EventCategory "2"]
[SourceTitle "EXT 2018"]
[Source "ChessBase"]
[SourceDate "2017.10.13"]
[SourceVersion "1"]
[SourceVersionDate "2017.10.13"]
[SourceQuality "1"]

1. e4 c5 2. Nf3 Nc6 3. c3 Nf6 4. e5 Nd5 5. d4 cxd4 6. cxd4 d6 7. Bc4 e6 8. 0-0 Be7 9. Nbd2 Nb6 10. Bb3 Qc7 11. Ne4 d5 12. Nc3 a6 13. a4 Na5 14. Bc2 h6 1/2-1/2

[Event "Sant Boi Chalmeta Memorial"]
[Site "Sant Boi de Llobregat"]
[Date "2017.04.21"]
[Round "1"]
[White "Morros Faura, Ricard"]
[Black "Chalmeta Ugas, Ramon"]
[Result "0-1"]
[WhiteElo "2256"]
[BlackElo "2276"]
[PlyCount "142"]
[EventDate "2017.04.21"]
[EventType "tourn"]
[EventRounds "9"]
[EventCountry "ESP"]
[EventCategory "2"]
[SourceTitle "EXT 2018"]
[Source "ChessBase"]
[SourceDate "2017.10.13"]
[SourceVersion "1"]
[SourceVersionDate "2017.10.13"]
[SourceQuality "1"]

1. e4 c5 2. Nf3 e6 3. c3 Nf6 4. e5 Nd5 5. d4 cxd4 6. cxd4 d6 7. a3 Nd7 8. Bd3 dxe5 9. dxe5 Be7 10. 0-0 b6 11. Nbd2 Nc5 12. Bc4 a5 13. Nd4 Ba6 14. Qg4 0-0 15. Nc6 Qc7 16. Nxe7+ Nxe7 17. Bxa6 Rxa6 18. Nf3 Ng6 19. Qh5 b5 20. Nd4 Qxe5 21. Qxe5 Nxe5 22. Nxb5 Rb6 23. Nc3 Ned3 24. Rb1 Rfb8 25. Nd1 Rb3 26. Be3 Rxa3 27. Nc3 Rab3 28. Ra1 Nb7 29. Rfb1 h6 30. h3 Ra8 31. Na4 Rc8 32. Ra3 Rxa3 33. bxa3 Nd8 34. Nb6 Rc3 35. a4 Nc6 36. Nd7 Ndb4 37. Bb6 Rc4 38. Nc5 Nd5 39. Nd7 Rxa4 40. Bc5 Ncb4 41. Bd6 Ra2 42. Rc1 Rc2 43. Ra1 Na2 44. Rb1 Rc1+ 45. Rxc1 Nxc1 46. Kf1 a4 47. Ke1 Nd3+ 48. Ke2 N3b4 49. Kd2 a3 50. Nc5 a2 51. Nb3 Nc6 52. Na1 f6 53. Kc2 e5 54. Kb3 Nf4 55. g3 Nxh3 56. f4 exf4 57. gxf4 Nd4+ 58. Kxa2 Ne2 59. Kb2 Nhxf4 60. Nc2 h5 61. Ne3 h4 62. Kc2 g5 63. Kd2 Kf7 64. Ke1 Kg6 65. Kf2 f5 66. Kf3 g4+ 67. Kf2 g3+ 68. Kf3 h3 69. Bxf4 h2 70. Kg2 Nxf4+ 71. Kh1 Nd3 0-1

[Event "Catalunya-chT GpA final"]
[Site "Barcelona"]
[Date "2017.03.18"]
[Round "2.8"]
[White "Morros Faura, Ricard"]
[Black "Avila Jimenez, Xavier"]
[Result "1-0"]
[WhiteElo "2256"]
[BlackElo "2177"]
[PlyCount "59"]
[EventDate "2017.03.11"]
[EventType "team-tourn"]
[EventRounds "11"]
[EventCountry "ESP"]
[SourceTitle "CBM 177 Extra"]
[Source "ChessBase"]
[SourceDate "2017.04.27"]
[SourceVersion "1"]
[SourceVersionDate "2017.04.27"]
[SourceQuality "1"]
[WhiteTeam "Mollet"]
[BlackTeam "Barcelona Escola Escacs"]
[WhiteTeamCountry "ESP"]
[BlackTeamCountry "ESP"]

1. e4 c6 2. d4 d5 3. f3 dxe4 4. fxe4 e5 5. Nf3 Bg4 6. c3 exd4 7. Bc4 Qe7 8. 0-0 dxc3 9. Kh1 Nd7 10. Nxc3 Bxf3 11. gxf3 Nb6 12. Bb3 Rd8 13. Qe2 Nf6 14. a4 Qb4 15. Ra3 Qa5 16. Ra1 Be7 17. Rg1 g6 18. Rg5 Qb4 19. Ba2 Nh5 20. Rg2 Ng7 21. f4 Rd7 22. f5 Bc5 23. Bh6 Nh5 24. a5 Nc8 25. e5 Ne7 26. Bxf7+ Kd8 27. f6 Nf5 28. Ra4 Nd4 29. Qg4 Qxa4 30. Nxa4 1-0